| 000 | 01269nam a2200217Ia 4500 | ||
|---|---|---|---|
| 003 | Ost | ||
| 005 | 20260416102358.0 | ||
| 008 | 260416s9999||||xx |||||||||||||| ||und|| | ||
| 040 | _cfsecg | ||
| 041 | _aara | ||
| 082 | _a310 | ||
| 100 |
_aطالبي، فتيحة _eمؤلف |
||
| 245 | 0 |
_aمحاضرات في مقياس الإحصاء 1 : _bمطبوعة موجهة لطلبة الجذع المشترك LMDعلوم اقتصادية ، علوم تجارية و علوم التسيير / _c فتيحة طالبي |
|
| 260 |
_aالجزائر _bجامعة الجزائر3: كلية العلوم الإقتصادية، العلوم التجارية وعلوم التسيير _c2021 |
||
| 300 |
_a114 ورقة _bايض _c30 سم |
||
| 504 | _aمراجع ص.113 | ||
| 520 | _aمفاهيم عامة في علم الاحصاء ، العرض الجدولي للبيانات الاحصائية ، العرض البياني للبيانات الاحصائية و مقاييس النزعة المركزية و مقاييس التشتت و مقاييس الشكل . | ||
| 653 | _aالاحصاء | ||
| 710 |
_aجامعة الجزائر3: كلية العلوم الإقتصادية، العلوم التجارية وعلوم التسيير _eناشر علمي |
||
| 942 | _cHANDOUT | ||
| 999 |
_c41288 _d41288 |
||